| 000 | 01266nam0a22003131 4500 | ||
|---|---|---|---|
| 001 | v19\rc\1528953 | ||
| 005 | 20260406085459.0 | ||
| 035 | _a(NLR Aleph) 005234331 | ||
| 090 |
_a5638332 _c5638332 |
||
| 100 | _a20060620d1887 |||y0rusy50 ca | ||
| 101 | 1 |
_arus _cfre |
|
| 102 | _aRU | ||
| 105 | _ay z |||a| | ||
| 200 | 1 |
_aУкрощенный зверь _eДрама в 5 д. и 6 карт. А. Деннери и Ш. Эдмонда _fПер. с фр. Александра Плещеева |
|
| 210 |
_aМосква _cлит. Моск. театр. б-ки Е.Н. Рассохиной _dценз. 1887 |
||
| 215 |
_a115 с. _d22 |
||
| 309 | _aНаписано от руки. Литогр. | ||
| 700 | 1 |
_8rus _7ca _aДеннери _bА. Ф. _f1811-1899 _gАдольф Филипп _3RU\NLR\AUTH\7778401 _961329 |
|
| 701 | 1 |
_aЭдмонд _bШ. _gШарль |
|
| 702 | 1 |
_4730 _8rus _7ca _aПлещеев _bА. А. _f1858-1944 _gАлександр Алексеевич _3RU\NLR\AUTH\7755204 _938136 |
|
| 801 | 2 |
_aRU _bNLR _c20090626 _2rusmarc |
|
| 801 | 0 |
_aRU _bNLR _c20060620 _gpsbo |
|
| 801 | 0 |
_aRU _bRuMoRGB _c20060620 _2psbo |
|
| 801 | 1 |
_aRU _bProSoft-M _c20060620 _2rusmarc |
|
| 852 |
_aNLR _j18.319.2.111 |
||
| 852 |
_aNLR _j20.93.9.56 |
||
| 942 | _cBOOK | ||
| 980 | _aNB | ||